Flowering plants : (Record no. 19583)

MARC details
000 -LEADER
fixed length control field 00783nam a2200265 i 4500
001 - CONTROL NUMBER
control field C2-0091773
003 - CONTROL NUMBER IDENTIFIER
control field PPAK
005 - DATE AND TIME OF LATEST TRANSACTION
control field 20180727092601.0
008 - FIXED-LENGTH DATA ELEMENTS--GENERAL INFORMATION
fixed length control field 970513s1988 enka|||| ||||| | eng d
020 ## - INTERNATIONAL STANDARD BOOK NUMBER
International Standard Book Number 0222014490
040 ## - CATALOGING SOURCE
Original cataloging agency PPAK
Language of cataloging eng
Transcribing agency PPAK
Description conventions rda
082 04 - DEWEY DECIMAL CLASSIFICATION NUMBER
Classification number 582.0463
Edition number 23
090 00 - LOCALLY ASSIGNED LC-TYPE CALL NUMBER (OCLC); LOCAL CALL NUMBER (RLIN)
Classification number (OCLC) (R) ; Classification number, CALL (RLIN) (NR) 582.0463
Feature heading RIC
Feature heading R
100 1# - MAIN ENTRY--PERSONAL NAME
Personal name Richardson, P. Mick,
Relator term author
245 10 - TITLE STATEMENT
Title Flowering plants :
Remainder of title magic in bloom
264 #1 - PRODUCTION, PUBLICATION, DISTRIBUTION, MANUFACTURE, AND COPYRIGHT NOTICE
Place of production, publication, distribution, manufacture London :
Name of producer, publisher, distributor, manufacturer Burke Publishing ,
Date of production, publication, distribution, manufacture, or copyright notice 1988
300 ## - PHYSICAL DESCRIPTION
Extent 112 pages :
Other physical details illustrations ;
Dimensions 23 cm
336 ## - CONTENT TYPE
Source rdacontent
Content type term text
337 ## - MEDIA TYPE
Source rdamedia
Media type term unmediated
338 ## - CARRIER TYPE
Source rdacarrier
Carrier type term volume
490 1# - SERIES STATEMENT
Series statement The encyclopedia of psychoactive drugs
650 10 - SUBJECT ADDED ENTRY--TOPICAL TERM
Topical term or geographic name entry element Hallucinogenic plants
830 #0 - SERIES ADDED ENTRY--UNIFORM TITLE
Uniform title The encyclopedia of psychoactive drugs
942 ## - ADDED ENTRY ELEMENTS (KOHA)
-- dc
Koha item type Book
Holdings
Withdrawn Not for loan Current library Shelving location Date acquired Full call number Barcode Date last seen Koha item type
  Not For Loan Perpustakaan Alor Setar Rujukan Dewasa 30/12/1997 R 582.0463 RIC A00101620 08/05/2018 Book
  Not For Loan Perpustakaan Jitra Rujukan Dewasa 05/04/2004 R 582.0463 RIC A00847803 08/05/2018 Book
  Not For Loan Perpustakaan Kulim Rujukan Dewasa 07/03/2004 R 582.0463 RIC A00342624 08/05/2018 Book
  Not For Loan Perpustakaan Langkawi Rujukan Dewasa 09/10/2005 R 582.0463 RIC A00354465 08/05/2018 Book